| Record ID | marc_records_scriblio_net/part23.dat:63494124:702 |
| Source | Scriblio |
| Download Link | /show-records/marc_records_scriblio_net/part23.dat:63494124:702?format=raw |
LEADER: 00702cam 22001817a 4500
001 92249287
003 DLC
005 19930121162559.4
008 921214s1992 gw af 000 0 ger
010 $a 92249287
040 $aDLC$cDLC$dDLC
050 00 $aMLCS 92/19978 (P)
100 1 $aButtler, Friedrich.
245 10 $aIn memoriam, Broder Carstensen /$cFriedrich Buttler, Heinz Kosok, Thomas Finkenstaedt ; [Herausgeber, Peter Freese im Auftrag des Rektorats der Universität-Gesamthochschule-Paderborn ; Redaktion, Peter Freese].
260 $aPaderborn :$bDas Rektorat,$cc1992.
300 $a31 p., [1] p. of plates :$bill. ;$c21 cm.
440 0 $aPaderborner Universitätsreden ;$v30
653 0 $aBroder Carstensen